| 000 | 00409nam a2200181Ia 4500 | ||
|---|---|---|---|
| 001 | 15216 | ||
| 005 | 20260306165011.0 | ||
| 008 | 260306t2010||||xx |||||||||||||| ||spa|| | ||
| 041 | _aESP | ||
| 082 |
_a530.1 _bH27 |
||
| 100 |
_aHawking, Stephen _eAUT |
||
| 245 | 0 | _aEl gran Diseño | |
| 260 | _c2010 | ||
| 300 |
_a228 páginas : _c23 cm. |
||
| 650 | _aGEN | ||
| 654 | _aCCN | ||
| 942 |
_cLIB _dJUS _fJUS _2ddc _n |
||
| 999 |
_c15216 _d15216 |
||